| 000 | 01054nam a2200265Ia 4500 | ||
|---|---|---|---|
| 003 | OSt | ||
| 005 | 20221005104251.0 | ||
| 006 | a|||||r|||| 00| 0 | ||
| 007 | ta | ||
| 008 | 221004b |||||||| |||| 00| 0 hin d | ||
| 020 |
_a9788123016596 (pbk) _cINR 95.00 |
||
| 024 | _a43310 | ||
| 037 |
_b322, 11/03/2019, Eastern Book Linkers _cTextual |
||
| 040 |
_aCRL _cCRL _bhin |
||
| 041 |
_2hin _ahin |
||
| 082 | _aY:1.444, 152Q2 | ||
| 100 | _aपंत, पुष्पेश, ले. | ||
| 245 | 0 |
_aहिमालय _b स्मृतियां, स्वप्न और सच |
|
| 246 | _aHimālaya: smṛutiyāan, svapna aur sacha | ||
| 260 |
_aदिल्ली _bप्रकाशन विभाग सूचना और प्रसारण मंत्रालय भारत _c2012 |
||
| 300 |
_a92पृ0 _ccm. |
||
| 650 | _aसमाजशास्त्र | ||
| 942 |
_hY:1.444, 152Q2 _cTEXL _2cc |
||
| 999 |
_c1012203 _d1012203 |
||